[Event "ZMDI Open 2018"]
[Site "Dresden"]
[Date "2018.08.11"]
[Round "8.1"]
[White "Vaibhav, Suri"]
[Black "Heimann, Andreas"]
[Result "1-0"]
[WhiteElo "2561"]
[BlackElo "2590"]
[Annotator "TA"]
[PlyCount "64"]
[EventDate "2018.08.04"]
[EventType "swiss"]
[EventCountry "GER"]
[SourceTitle "playchess.com"]
[Source "ChessBase"]
[SourceQuality "1"]

{[%evp 16,64,28,25,32,34,44,35,43,31,30,25,33,33,43,45,45,35,37,-24,-10,-8,-16,-7,0,0,22,31,30,17,85,65,170,161,160,152,216,227,224,243,243,249,810,745,6175,5423,2489,2583,29999,570,29992]} 1. e4 e5 2. Nf3 Nc6 3. Bc4 Nf6 4. d3 Bc5 5. O-O O-O 6. Bg5 h6 7. Bh4 Be7 {C50: Hungarian Defence and Giuoco Pianissimo} 8. Bg3 d6 9. a4 {[%cal Ba2a4,Ba4a5][%mdl 32] LiveBook: 13 Games} g6 {White has an edge.} 10. h3 Nh5 11. Bh2 Bf6 $146 ({Predecessor:} 11... Bg5 12. Nc3 Bf4 13. a5 a6 14. Nd5 Bxh2+ 15. Kxh2 {½-½ (31) Najer,E (2683)-Hovhannisyan,R (2601) Batumi 2018}) 12. a5 a6 13. c3 Bg7 14. Re1 Qf6 15. Nbd2 Be6 16. Qb3 Rab8 17. d4 (17. Qc2 $14) 17... exd4 $11 18. e5 dxe5 19. cxd4 Bxc4 20. Nxc4 Nxd4 21. Nxd4 exd4 22. Bxc7 Rbe8 {[#]} (22... Rbc8 $11 {remains equal.} 23. Bd6 Rfe8) 23. Bd6 $1 $16 {[%cal Bc7d6,Bd6e7,Be7f8,Bf8g7][%mdl 32]} Rxe1+ (23... Nf4 $1 $14) 24. Rxe1 $18 Rc8 {[#]} 25. Be7 $1 $36 {[%cal Re7f6][%mdl 2048] White is in control.} Qc6 (25... Qf4 $16 26. g3 Qc7) 26. Nd6 Rc7 27. Qxf7+ Kh7 {And now ...d3 would win.} 28. Ne8 {g4 is the strong threat.} Rc8 $2 (28... d3) 29. Bf8 ({Less strong is} 29. Nxg7 Nxg7 30. Bf6 Rc7 $16) 29... Rd8 30. Bxg7 Rd7 31. Qf8 {[%csl Gg7][%cal Rf8h8]} Z0 32. Qb4 (32. Qh8# $142) 32... Qc1 {Precision: White = 67%, Black = 31%.} 1-0

[Event "ZMDI Open 2018"]
[Site "Dresden"]
[Date "2018.08.11"]
[Round "8.2"]
[White "Gajek, Radoslaw"]
[Black "Li, Di"]
[Result "1/2-1/2"]
[WhiteElo "2444"]
[BlackElo "2441"]
[Annotator "TA"]
[PlyCount "95"]
[EventDate "2018.08.04"]
[EventType "swiss"]
[EventCountry "GER"]
[SourceTitle "playchess.com"]
[Source "ChessBase"]
[SourceQuality "1"]

{[%evp 33,95,23,25,14,16,9,44,39,31,0,20,7,7,8,12,7,7,0,0,0,0,-4,0,0,0,0,0,-8,0,0,0,0,0,0,0,0,0,0,0,0,0,0,0,0,0,0,0,0,0,0,0,0,0,0,0,0,0,0,0,0,0,0,0,0]} 1. c4 c6 2. Nf3 d5 3. d4 Nf6 4. Nc3 e6 {[%cal Be7e6,Be6e5][%mdl 32]} 5. e3 Nbd7 6. Qc2 Bd6 7. Bd3 O-O 8. O-O e5 9. cxd5 cxd5 10. e4 exd4 11. Nxd5 Nxd5 12. exd5 h6 13. Nxd4 Qh4 {D46: Damengambit (Halbslawisch)} 14. Nf3 Qh5 15. Bh7+ Kh8 16. Qf5 Qxf5 17. Bxf5 Nf6 {LiveBook: 44 Partien} 18. Bxc8 (18. Bd3 Bg4 19. Rd1 Rac8 20. h3 Bxf3 21. gxf3 {½-½ (32) Wang,H (2690)-Ding,L (2759) China 2017}) 18... Raxc8 19. Rd1 Rfd8 20. Be3 b6 21. a4 $146 {[%cal Ba2a4,Ba4a5][%mdl 32]} ({Vorgänger:} 21. Rd3) 21... Bb8 {Die Stellung ist ausgeglichen.} (21... Bf8 {with more complications.} 22. d6 Rxd6 23. Rxd6 Bxd6 24. Rd1 Be7) 22. a5 (22. Rd4 {keeps more tension.} Rxd5 23. Rad1 Rxd4 24. Rxd4 Kh7 25. g3) 22... Nxd5 23. axb6 Nxe3 24. Rxd8+ Rxd8 25. bxa7 Bxa7 {[#] zielt auf ...Td1+ ab.} 26. fxe3 Bxe3+ $11 {[%mdl 4096] Endspiel KTL-KTS} 27. Kf1 Rd5 28. Ke2 Bb6 29. b4 g5 30. g4 h5 31. h3 hxg4 32. hxg4 Kg7 33. Ra6 Rb5 34. Nxg5 Rxb4 35. Kf3 Kf6 36. Nh3 Ke5 37. Ra2 Rb3+ 38. Kg2 Kf6 39. Rc2 Bd4 40. Re2 Be5 {[#] Droht ...Tg3+ und aus.} 41. Rf2+ Kg6 {...Tg3+ ist eine echte Drohung.} 42. Rf5 f6 {Und weiter mit ...Tg3+ wäre nett.} 43. Nf4+ Bxf4 44. Rxf4 Kg5 45. Rf5+ Kxg4 46. Rxf6 Rb2+ 47. Rf2 Rxf2+ 48. Kxf2 {Precision: Weiß = 67%, Schwarz = 54%.} 1/2-1/2

[Event "ZMDI Open 2018"]
[Site "Dresden"]
[Date "2018.08.11"]
[Round "8.3"]
[White "Dann, Matthias"]
[Black "Romanov, Evgeny"]
[Result "1/2-1/2"]
[WhiteElo "2534"]
[BlackElo "2628"]
[Annotator "TA"]
[PlyCount "86"]
[EventDate "2018.08.04"]
[EventType "swiss"]
[EventCountry "GER"]
[SourceTitle "playchess.com"]
[Source "ChessBase"]
[SourceQuality "1"]

{[%evp 18,86,38,24,53,37,26,11,8,0,34,29,20,19,25,18,35,0,26,19,33,19,29,36,30,0,0,0,0,0,0,0,67,-17,0,0,6,0,0,0,0,-24,0,5,28,0,1,-116,-116,-105,-63,-53,-18,-25,-66,-64,-74,-87,0,0,0,0,0,0,0,0,0,0,0,0,0]} 1. e4 c5 2. Nf3 Nc6 3. d4 cxd4 4. Nxd4 Nf6 5. Nc3 d6 6. Bg5 e6 7. Qd2 Be7 8. O-O-O Nxd4 9. Qxd4 a6 10. h4 {LiveBook: 39 Partien. B66: Sizilianisch (Richter/Rauser-Angriff)} Qa5 (10... h6 11. Be3 e5 12. Qd3 Qa5 13. Kb1 Be6 14. f4 Rc8 15. Nd5 Nxd5 16. exd5 Bg4 17. Rd2 O-O 18. fxe5 dxe5 {1-0 (36) Inarkiev,E (2660)-Korobov,A (2700) Poikovsky 2015}) 11. f3 b5 12. Kb1 {Weiß hat minimalen Vorteil.} b4 13. Ne2 {[#]} h6 $146 ({Vorgänger:} 13... e5 14. Qd2 Be6 15. Nc1 O-O 16. Nb3 Qa4 17. g4 Rfd8 18. Bh3 {½-½ (43) Rodriguez,A (2510)-Magem Badals,J (2570) Manresa 1996}) 14. Bxf6 gxf6 15. Nf4 h5 16. Bc4 Bd7 17. Rhe1 Rc8 {[#] Droht ...e5 und aus.} 18. Qd3 Qe5 19. Ne2 a5 {[%cal Ba6a5,Ba5a4][%mdl 32]} 20. f4 Qc5 21. b3 Rg8 22. g3 a4 23. Nd4 a3 24. Re2 Rb8 (24... e5 $11 25. Nf5 Kf8) 25. Rc1 (25. c3 $14) 25... Bd8 26. c3 Bb6 {Weiss sollte ...bxc3 verhindern.} 27. Bb5 (27. Rec2 {keeps more tension.} Ke7 28. Rd1 Rbd8 29. Ba6 bxc3 30. Ne2) 27... bxc3 28. Bxd7+ Kxd7 29. Nb5 Rxg3 (29... Ba5 {looks sharper.} 30. Nd4 Ke7 31. Rd1 Rg4 32. Rc2 Rc8) 30. Qxg3 Qxb5 31. Rec2 Bd4 32. Rxc3 (32. Rd1 $11) 32... Bxc3 $17 33. Qxc3 $11 {[%mdl 4096] Endspiel KDT-KDT} Qb7 34. Qd4 Ke7 35. e5 fxe5 36. fxe5 Qb4 $1 {[%cal Rb4d4]} 37. Rc7+ Ke8 ({Lieber} 37... Kd8 $17 38. Qxd6+ Qxd6 39. exd6 f5) 38. Qf2 $36 {[%mdl 2048] Die Stellung ist ausgeglichen. Weiss drückt.} Qe4+ 39. Kc1 Qh1+ 40. Kc2 Qe4+ 41. Kd2 Qd5+ 42. Kc2 Qe4+ 43. Kd2 Qd5+ {Precision: Weiß = 41%, Schwarz = 60%.} 1/2-1/2

[Event "ZMDI Open 2018"]
[Site "Dresden"]
[Date "2018.08.11"]
[Round "8.4"]
[White "Onischuk, Vladimir"]
[Black "Popovic, Dusan"]
[Result "1-0"]
[WhiteElo "2627"]
[BlackElo "2518"]
[Annotator "TA"]
[PlyCount "55"]
[EventDate "2018.08.04"]
[EventType "swiss"]
[EventCountry "GER"]
[SourceTitle "playchess.com"]
[Source "ChessBase"]
[SourceQuality "1"]

{[%evp 9,55,27,11,20,30,24,38,52,50,36,47,26,32,38,31,23,10,7,43,64,57,66,124,66,83,58,53,34,58,60,265,267,256,242,225,243,316,316,300,310,297,295,281,270,273,268,29980,29981]} 1. e4 c5 2. Ne2 a6 (2... g6 3. h4 Nf6 4. Nbc3 d6 5. h5 Nxh5 6. d4 cxd4 7. Nxd4 Nf6 8. Bh6 Bxh6 9. Rxh6 Nc6 10. Bb5 Bd7 11. Bxc6 bxc6 {1-0 (40) Carlsen,M (2834)-Iturrizaga Bonelli,E (2650) chess.com INT 2018}) 3. g3 d5 4. Bg2 dxe4 5. Nbc3 Nf6 6. Nxe4 {B20: Sizilianisch} Nxe4 7. Bxe4 e6 $146 ({Vorgänger:} 7... Nc6 8. d3 e5 9. Be3 Bd6 10. f4 {1-0 (38) Swati,G (2260)-Gomes,M (2306) Delhi 2016}) 8. d4 {Weiß steht etwas besser.} Nd7 9. O-O Bd6 10. dxc5 Nxc5 11. Bg2 Qc7 12. c4 {[%cal Bc2c4,Bc4c5][%mdl 32]} Bd7 13. b4 Na4 14. c5 Be5 15. Bf4 Bb5 (15... Bxf4 $14 16. Nxf4 O-O) 16. Re1 (16. Bxe5 $16 Qxe5 17. Bxb7) 16... Rd8 17. Qb3 {Schwarz muss nun Lxe5 beachten.} (17. Bxe5 {looks sharper.} Qxe5 18. Qc1 Qc7 19. Qe3 Bc6 20. Bxc6+ Qxc6 21. Red1) 17... Bxf4 18. Nxf4 O-O 19. Rad1 Bc6 $2 (19... Rxd1 $14 20. Rxd1 h6) 20. Rxd8 $1 $18 Rxd8 {[#]} 21. Nxe6 $1 {[%mdl 512]} fxe6 {[#]} 22. Bxc6 $1 $40 {[%mdl 128] Weiss riecht Blut.} ({Jedoch nicht} 22. Rxe6 $6 Qf7 $16) 22... Qxc6 23. Rxe6 {[%cal Re6e8]} Rd1+ 24. Re1+ ({Schwächer ist} 24. Qxd1 Qxe6 25. Qxa4 Qe1+ 26. Kg2 Qe4+ 27. f3 Qe2+ 28. Kh3 Qe6+ 29. Kh4 Qf6+ 30. Kh3 Qe6+ 31. g4 Qe2 $16) 24... Rd5 25. Re5 Nc3 26. Qxc3 Rd1+ 27. Re1 Qf6 $2 (27... Rxe1+ $18 28. Qxe1 Kf7) 28. Qb3+ {Precision: Weiß = 70%, Schwarz = 45%.} 1-0

[Event "ZMDI Open 2018"]
[Site "Dresden"]
[Date "2018.08.11"]
[Round "8.5"]
[White "Carow, Johannes"]
[Black "Kovchan, Alexander"]
[Result "0-1"]
[WhiteElo "2445"]
[BlackElo "2566"]
[Annotator "ChessBase"]
[PlyCount "150"]
[EventDate "2018.08.04"]
[EventType "swiss"]
[EventCountry "GER"]
[SourceTitle "playchess.com"]
[Source "ChessBase"]
[SourceQuality "1"]
[TimeControl "40/5400+30:1800+30"]

1. d4 {[%emt 1:30:26]} Nf6 {[%emt 1:30:21]} 2. c4 {[%emt 1:30:48]} e6 {[%emt 1:30:45]} 3. Nc3 {[%emt 1:31:10]} Bb4 {[%emt 1:31:06]} 4. e3 {[%emt 1:31:21]} O-O 5. Nge2 {[%emt 1:30:56]} Re8 {[%emt 1:31:10]} 6. a3 {[%emt 1:31:03]} Bf8 {[%emt 1:31:31]} 7. d5 {[%emt 1:30:29]} a5 {[%emt 1:30:48]} 8. g3 {[%emt 1:30:05]} Na6 {[%emt 1:29:50]} 9. Bg2 {[%emt 1:25:54]} Nc5 {[%emt 1:29:56]} 10. O-O {[%emt 1:24:34]} exd5 {[%emt 1:21:46]} 11. cxd5 {[%emt 1:22:20]} a4 {[%emt 1:22:07]} 12. Nd4 {[%emt 1:19:45]} b6 {[%emt 1:18:30]} 13. Qc2 {[%emt 1:19:10]} Ba6 {[%emt 1:13:34]} 14. Rd1 {[%emt 1:19:06]} Bc4 {[%emt 1:13:19]} 15. e4 {[%emt 0:56:18]} Ra5 {[%emt 1:00:03]} 16. Bf4 {[%emt 0:48:43]} Ng4 {[%emt 0:57:45]} 17. h3 {[%emt 0:40:43]} Ne5 {[%emt 0:57:54]} 18. Bxe5 {[%emt 0:34:46]} Rxe5 {[%emt 0:57:43]} 19. Bf1 {[%emt 0:35:02]} Bb3 {[%emt 0:52:31]} 20. Nxb3 {[%emt 0:35:20]} axb3 {[%emt 0:52:39]} 21. Qb1 {[%emt 0:34:31]} Re8 {[%emt 0:49:40]} 22. Re1 {[%emt 0:28:36]} g6 {[%emt 0:49:12]} 23. Qd1 {[%emt 0:28:10]} Bg7 {[%emt 0:49:20]} 24. Rc1 {[%emt 0:28:04]} Qf6 {[%emt 0:39:54]} 25. Bc4 {[%emt 0:27:38]} Qd4 {[%emt 0:39:47]} 26. Qe2 {[%emt 0:27:13]} d6 {[%emt 0:35:13]} 27. Rcd1 {[%emt 0:21:39]} Qf6 {[%emt 0:35:11]} 28. Rc1 {[%emt 0:12:17]} Raa8 {[%emt 0:32:30]} 29. Kg2 {[%emt 0:12:06]} g5 {[%emt 0:29:45]} 30. Qd1 {[%emt 0:09:56]} Qe5 {[%emt 0:23:01]} 31. Bxb3 {[%emt 0:08:59]} f5 {[%emt 0:23:29]} 32. Ba4 {[%emt 0:08:25]} Nxa4 {[%emt 0:19:12]} 33. Nxa4 {[%emt 0:08:46]} f4 {[%emt 0:08:36]} 34. Rxc7 {[%emt 0:06:52]} Rf8 {[%emt 0:09:04]} 35. Nc3 {[%emt 0:05:17]} Rf6 {[%emt 0:06:35]} 36. Qg4 {[%emt 0:04:02]} fxg3 {[%emt 0:07:03]} 37. Qxg3 {[%emt 0:02:57]} Rf4 {[%emt 0:07:19]} 38. f3 {[%emt 0:02:15]} Raf8 {[%emt 0:07:35]} 39. Rf1 {[%emt 0:01:58]} h5 {[%emt 0:08:04]} 40. Ne2 {[%emt 0:00:12]} h4 {[%emt 0:04:11]} 41. Qe1 {[%emt 0:23:52]} Qxb2 {[%emt 0:32:34]} 42. Rf2 {[%emt 0:20:41]} R4f7 {[%emt 0:32:12]} 43. Rxf7 {[%emt 0:18:11]} Rxf7 {[%emt 0:32:40]} 44. Nf4 {[%emt 0:17:32]} Qxa3 {[%emt 0:30:53]} 45. Ne6 {[%emt 0:15:17]} g4 {[%emt 0:27:14]} 46. hxg4 {[%emt 0:14:26]} h3+ {[%emt 0:27:30]} 47. Kxh3 {[%emt 0:14:30]} Rxf3+ {[%emt 0:27:51]} 48. Rxf3 {[%emt 0:14:45]} Qxf3+ {[%emt 0:28:18]} 49. Kh4 {[%emt 0:12:28]} Bf6+ {[%emt 0:23:13]} 50. g5 {[%emt 0:09:53]} Be5 {[%emt 0:20:49]} 51. Qg1 {[%emt 0:08:32]} b5 {[%emt 0:19:43]} 52. Qg4 {[%emt 0:07:36]} Qh1+ {[%emt 0:18:08]} 53. Qh3 {[%emt 0:08:05]} Qxe4+ {[%emt 0:17:44]} 54. Qg4 {[%emt 0:07:09]} Qe1+ {[%emt 0:14:52]} 55. Kh5 {[%emt 0:07:34]} Qh1+ {[%emt 0:15:16]} 56. Qh4 {[%emt 0:08:01]} Qxd5 {[%emt 0:15:33]} 57. Qh3 {[%emt 0:06:55]} Qe4 {[%emt 0:12:31]} 58. Qf1 {[%emt 0:03:45]} Qh7+ {[%emt 0:10:03]} 59. Kg4 {[%emt 0:04:14]} Qf7 {[%emt 0:09:58]} 60. Qxf7+ {[%emt 0:02:48]} Kxf7 {[%emt 0:10:26]} 61. Kf5 {[%emt 0:03:09]} b4 {[%emt 0:09:56]} 62. Nc7 {[%emt 0:02:31]} b3 {[%emt 0:08:46]} 63. Nb5 {[%emt 0:02:51]} Ke7 {[%emt 0:08:44]} 64. Ke4 {[%emt 0:01:16]} Ke6 {[%emt 0:08:48]} 65. Kd3 {[%emt 0:00:09]} Kd5 {[%emt 0:07:47]} 66. Na3 {[%emt 0:00:19]} Kc5 {[%emt 0:07:53]} 67. Nc4 {[%emt 0:00:48]} Bg7 {[%emt 0:05:08]} 68. Nd2 {[%emt 0:00:56]} Kb4 {[%emt 0:05:30]} 69. Ke4 {[%emt 0:00:58]} b2 {[%emt 0:05:25]} 70. Kd3 {[%emt 0:01:02]} Ka3 {[%emt 0:04:00]} 71. Kc4 {[%emt 0:00:03]} Ka2 {[%emt 0:03:50]} 72. g6 {[%emt 0:00:19]} Bh6 {[%emt 0:03:49]} 73. Ne4 {[%emt 0:00:31]} Ka1 {[%emt 0:03:57]} 74. Nd2 {[%emt 0:00:02]} Bxd2 {[%emt 0:04:11]} 75. g7 {[%emt 0:00:30]} b1=Q {[%emt 0:04:14]} 0-1

[Event "ZMDI Open 2018"]
[Site "Dresden"]
[Date "2018.08.11"]
[Round "8.6"]
[White "Vorobiov, Evgeny E"]
[Black "Kaasen, Tor Fredrik"]
[Result "1-0"]
[WhiteElo "2558"]
[BlackElo "2377"]
[Annotator "RC"]
[PlyCount "73"]
[EventDate "2018.08.04"]
[EventType "swiss"]
[EventCountry "GER"]
[SourceTitle "playchess.com"]
[Source "ChessBase"]
[SourceQuality "1"]
[TimeControl "40/5400+30:1800+30"]

1. d4 {[%emt 1:30:28]} Nf6 {[%emt 1:25:58]} 2. c4 {[%emt 1:30:55]} c5 {[%emt 1:26:21]} 3. d5 {[%emt 1:30:48]} g6 {[%emt 1:26:26]} 4. Nc3 {[%emt 1:30:49]} Bg7 {[%emt 1:26:41]} 5. e4 {[%emt 1:29:01]} d6 {[%emt 1:26:44]} 6. Bd3 {[%emt 1:28:52]} O-O {[%emt 1:26:42]} 7. h3 {[%emt 1:29:17]} e6 {[%emt 1:26:45]} 8. Nf3 {[%emt 1:29:42]} Na6 {[%emt 1:26:54]} 9. O-O {[%emt 1:28:46]} Nc7 {[%emt 1:24:25]} 10. Re1 {[%emt 1:25:32]} Re8 {[%emt 1:23:52]} 11. Bf1 {[%emt 1:02:51]} e5 {[%emt 1:15:25]} 12. a3 {[%emt 0:56:58]} Na6 {[%emt 1:12:21]} 13. Bg5 {[%emt 0:51:35]} h6 {[%emt 1:10:41]} 14. Be3 {[%emt 0:51:44]} Nh5 {[%emt 1:09:29]} 15. Qd2 {[%emt 0:50:47]} g5 {[%emt 1:06:43]} 16. Kh2 {[%emt 0:44:10]} Qf6 {[%emt 1:05:34]} 17. Ng1 {[%emt 0:43:51]} Kh7 {[%emt 1:01:58]} 18. Nge2 {[%emt 0:38:22]} Qg6 {[%emt 0:59:12]} 19. Ng3 {[%emt 0:38:26]} Nf4 {[%emt 0:57:49]} 20. Qc2 {[%emt 0:37:35]} g4 {[%emt 0:50:58]} 21. Nf5 {[%emt 0:34:58]} Bf6 {[%emt 0:41:17]} 22. g3 {[%emt 0:28:18]} Nxh3 {[%emt 0:33:12]} 23. Bxh3 {[%emt 0:27:32]} Qh5 {[%emt 0:31:14]} 24. Rh1 {[%emt 0:27:33]} gxh3 {[%emt 0:28:04]} 25. g4 {[%emt 0:17:25]} Qxg4 {[%emt 0:26:05]} 26. Rag1 {[%emt 0:17:50]} Qh5 {[%emt 0:24:08]} 27. Rg3 {[%emt 0:17:33]} Bh4 {[%emt 0:18:30]} 28. Rxh3 {[%emt 0:16:51]} Bxf5 {[%emt 0:18:15]} 29. exf5 {[%emt 0:17:17]} f6 {[%emt 0:06:03]} 30. Ne4 {[%emt 0:15:23]} Rf8 {[%emt 0:06:25]} 31. Kg2 {[%emt 0:10:16]} Qxf5 {[%emt 0:05:21]} 32. Rxh4 {[%emt 0:09:50]} Rg8+ {[%emt 0:05:32]} 33. Kf1 {[%emt 0:10:08]} Rg6 {[%emt 0:05:50]} 34. Nxf6+ {[%emt 0:07:21]} Qxf6 {[%emt 0:05:12]} 35. Rxh6+ {[%emt 0:07:28]} Kg7 {[%emt 0:05:38]} 36. Rxg6+ {[%emt 0:07:09]} Qxg6 {[%emt 0:06:02]} 37. Rg1 {[%emt 0:07:32]} 1-0

[Event "ZMDI Open 2018"]
[Site "Dresden"]
[Date "2018.08.12"]
[Round "9.1"]
[White "Kovchan, Alexander"]
[Black "Vaibhav, Suri"]
[Result "1-0"]
[WhiteElo "2566"]
[BlackElo "2561"]
[Annotator "TA"]
[PlyCount "191"]
[EventDate "2018.08.04"]
[EventType "swiss"]
[EventCountry "GER"]
[SourceTitle "playchess.com"]
[Source "ChessBase"]
[SourceQuality "1"]

{[%evp 39,191,13,15,18,37,22,25,35,44,0,10,2,15,10,14,0,12,18,89,89,89,88,113,106,108,98,141,119,143,136,137,136,136,136,143,135,139,131,197,197,203,203,200,203,198,191,193,170,175,177,221,195,195,195,195,190,220,204,231,231,229,220,235,220,220,220,237,205,212,205,205,205,205,205,205,203,203,200,206,190,196,200,205,205,205,205,205,205,206,207,208,205,569,570,804,794,628,447,760,727,669,668,739,758,754,712,694,574,867,958,1189,1142,1086,1132,989,892,720,0,1084,1086,1072,1064,1054,1046,973,932,908,172,891,812,840,836,1092,1138,1193,995,1213,1186,1203,1165,786,677,1129,1064,1558,1616,1581,1491,1608,1512,1656,1426,1755,1500]} 1. e4 e5 2. Nf3 Nc6 3. Bb5 a6 4. Ba4 Nf6 5. O-O Be7 6. Re1 b5 7. Bb3 d6 8. c3 O-O 9. h3 Nb8 10. d4 Nbd7 11. Nbd2 Bb7 12. Bc2 Re8 13. Nf1 Bf8 14. Ng3 g6 15. Bg5 h6 16. Bd2 Bg7 17. a4 Nb6 {C95: Closed Ruy Lopez: Breyer Variation with 10 d4} 18. Qc1 Kh7 19. b3 bxa4 20. bxa4 a5 {[#] LiveBook: 3 Games} 21. Qb1 $146 ({Predecessor:} 21. dxe5 dxe5 22. Bb3 Qe7 23. Be3 Nfd7 24. h4 Ba6 25. h5 {1-0 (59) Yu,Y (2738)-Piorun,K (2651) Caleta 2017}) 21... Nfd7 22. Bb3 Qe7 23. Qa2 Rf8 24. Bc2 Ba6 25. Rab1 Rab8 26. Be3 c5 27. d5 Rb7 28. Nd2 Qd8 (28... c4 $11) 29. c4 $16 Bf6 30. Ne2 Nb8 31. Nc3 Bg5 32. Bd3 N6d7 33. Nb5 Bxb5 34. axb5 Ra7 35. Rb3 Nb6 36. Ra3 a4 37. Bc2 {[%cal Bd3c2,Bc2a4,Ba4d1,Bd1e2][%mdl 32]} N8d7 38. Bxa4 Qa8 (38... f5 $16) 39. Bxg5 $18 hxg5 40. Ra1 Qb7 41. Qb2 Rfa8 {[%cal Ra7a4]} 42. Bd1 Nf6 43. Be2 Kg7 44. Kh2 Ne8 45. Nb3 Rxa3 46. Rxa3 Nf6 47. Nd2 Ne8 48. Qa1 Nc7 49. Nf3 f6 50. Nd2 Qb8 51. Nf1 Rxa3 52. Qxa3 Qa8 53. Qxa8 Nbxa8 {[%mdl 4096] Endgame KBN-KNN} 54. Ne3 Kf7 55. g3 Ne8 56. h4 Ng7 57. Bg4 Nb6 58. Kh3 gxh4 59. gxh4 Ke7 60. Kg3 Ke8 61. f4 exf4+ 62. Kxf4 Ke7 63. Kf3 Kd8 64. Ke2 Ke7 65. Kd3 Kd8 $2 {[#]} (65... Kf7 66. Kc3 Na4+ 67. Kb3 Nb6) 66. Ng2 f5 67. exf5 Nd7 68. Kc3 Ne5 (68... gxf5 $142 69. Be2 Ne5) 69. Bh3 gxf5 70. Nf4 {[#] aiming for Ne6+.} Kc8 71. Ne6 Nh5 72. Bxf5 Kb7 73. Bc2 Ng3 74. Nf4 Kb6 75. h5 Nf7 76. Bg6 Nh6 77. Kd3 Ng4 78. Kc3 $2 (78. Kc2 $18 {Kd2 is the strong threat.} Ne3+ 79. Kb3) 78... Ka5 $2 {[%mdl 8192]} (78... Nh6 $11 79. Nh3 Ng4) 79. Kb3 Kb6 80. Bf7 Nf6 81. Kc2 Ka5 82. Kd3 Kb6 83. Ke3 $2 (83. Kd2 Nf1+ 84. Kc3) 83... Nf5+ $2 (83... Nf1+ 84. Kd3 Ng3) 84. Ke2 {White is clearly winning.} Ka5 85. Bg6 Nh6 86. Ng2 Nhg4 87. Ne3 Ne5 88. Kd2 Kb6 89. Kc3 Kc7 90. Kb3 Kb6 91. Nf1 Kc7 92. Ng3 Nfg4 93. Bf5 Nh6 94. Be6 Nf3 95. Kc3 Nd4 96. Kd3 {Precision: White = 76%, Black = 53%.} 1-0

[Event "ZMDI Open 2018"]
[Site "Dresden"]
[Date "2018.08.12"]
[Round "9.2"]
[White "Heimann, Andreas"]
[Black "Onischuk, Vladimir"]
[Result "1/2-1/2"]
[WhiteElo "2590"]
[BlackElo "2627"]
[Annotator "TA"]
[PlyCount "52"]
[EventDate "2018.08.04"]
[EventType "swiss"]
[EventCountry "GER"]
[SourceTitle "playchess.com"]
[Source "ChessBase"]
[SourceQuality "1"]

{[%evp 26,52,0,0,0,0,0,0,0,0,0,0,0,0,0,0,0,0,8,0,0,0,0,0,0,0,0,0,0]} 1. e4 d6 2. d4 g6 3. Nc3 Bg7 4. f4 Nf6 5. Nf3 O-O 6. e5 dxe5 7. fxe5 Nd5 8. Bc4 Nxc3 9. bxc3 c5 10. O-O {B09: Pirc-Ufimzew-Verteidigung (Dreibauernangriff)} Bg4 11. Qd3 Nc6 12. Ng5 e6 13. Qg3 Bf5 14. Rxf5 {LiveBook: 3 Partien. Die Stellung ist ausgeglichen.} (14. Qh4 h6 $17) 14... exf5 ({Bitte nicht} 14... gxf5 $6 {[#]} 15. Ne4 $1 $16 {[%mdl 512]}) 15. e6 $1 {[%cal Re6f7] [#]} Bxd4+ $1 16. Kf1 $1 (16. cxd4 Qxd4+) 16... Be5 17. Bf4 Qd6 18. Qh4 {[%csl Gg5][%cal Rh4h7]} ({Viel schwächer wäre} 18. Nxf7 Rxf7 19. exf7+ Kg7 $17) 18... h5 19. Nxf7 $40 {[%mdl 128] Weiss hat was vor.} Rxf7 20. exf7+ Kg7 21. Re1 Rf8 ({Aber nicht} 21... Bxf4 $2 22. Re8 $18) 22. Rxe5 Nxe5 23. Qe1 Kf6 24. Qh4+ $146 Kg7 {Droht ...Dd1+ und aus.} 25. Qe1 Kf6 {Und weiter mit ...g5 wäre nett.} 26. Qh4+ Kg7 1/2-1/2

[Event "ZMDI Open 2018"]
[Site "Dresden"]
[Date "2018.08.12"]
[Round "9.3"]
[White "Li, Di"]
[Black "Vorobiov, Evgeny E."]
[Result "0-1"]
[WhiteElo "2441"]
[BlackElo "2558"]
[Annotator "TA"]
[PlyCount "118"]
[EventDate "2018.08.04"]
[EventType "swiss"]
[EventCountry "GER"]
[SourceTitle "playchess.com"]
[Source "ChessBase"]
[SourceQuality "1"]

{[%evp 27,118,0,0,0,0,0,0,0,0,0,0,0,0,0,12,12,12,12,12,12,12,0,0,0,0,0,0,0,0,-6,0,-63,2,4,3,3,4,4,4,5,11,-76,-76,-76,-76,-76,-72,-76,-67,-76,-75,-91,-89,-89,-95,-116,-97,-88,-95,-518,-519,-500,-476,-354,-464,-625,-602,-577,-332,-313,-312,-725,-592,-592,-592,-592,-584,-1286,-1159,-29968,-29970,-29970,-29971,-29971,-29972,-29972,-29973,-29973,-29974,-29974,-29975,-29975,-29975]} 1. d4 Nf6 2. Nf3 d5 3. c4 e6 4. Nc3 dxc4 5. e4 Bb4 6. Bg5 c5 7. Bxc4 cxd4 8. Nxd4 Bxc3+ 9. bxc3 Qa5 10. Nb5 Nxe4 {D39: Queen's Gambit Declined: Ragozin Defence with 5 Bg5 dxc4} 11. Qd4 O-O 12. Qxe4 a6 13. Be7 axb5 14. Bb4 Qc7 $1 {[%cal Rc7c4] LiveBook: 17 Games} 15. Bxf8 Kxf8 16. Bb3 {Black must now prevent 0-0.} Qxc3+ 17. Ke2 Qb2+ $1 18. Ke3 Qc3+ 19. Ke2 Qb2+ $1 20. Kf3 {[#]} Qc3+ $146 21. Qe3 Qf6+ 22. Qf4 Qc3+ 23. Ke2 {[%cal Bf3e2,Be2d3,Bd3e3][%mdl 32]} Qb2+ 24. Qd2 Qe5+ 25. Qe3 Qb2+ 26. Kd3 Nc6 {aiming for ...Nb4+.} 27. Qc5+ $1 Kg8 {...Ne5+ is the strong threat.} 28. Ke3 Bd7 29. Rac1 ({White should play} 29. Rad1 $11 Be8 30. Rd2) 29... Na5 (29... Qf6 $15 30. Rhd1 e5 31. Rxd7 Qf4+ 32. Ke2 Qg4+ 33. Kf1 Qxd7) 30. Qd4 $11 Qxd4+ 31. Kxd4 Bc6 32. f3 Kf8 33. Rc2 Ke7 34. Kc5 (34. Kc3 $11 {keeps the balance.}) 34... Nxb3+ $17 35. axb3 Bxf3 $1 {Strongly threatening ...Rc8+.} 36. Kxb5 {[%mdl 4096] Endgame KRR-KRB} Bc6+ $1 37. Kb6 Ra6+ 38. Kc7 Be4 39. Re2 Bd5 40. Rc1 f5 41. b4 Rc6+ $1 42. Rxc6 bxc6 {KR-KB} 43. Rc2 $2 {[%mdl 8192]} (43. g3 $17 {is tougher.}) 43... e5 $19 44. Kb6 Kd6 $1 45. b5 cxb5 46. Kxb5 e4 47. Kb4 f4 48. Kc3 Ke5 49. Rb2 $2 (49. Rc1) 49... g5 $1 50. Rb8 e3 51. Rb5 {[#] intending Kd3.} Kd6 $1 52. Kd3 Bxg2 {( -> ...Bf1+)} 53. Rxg5 Bf1+ {Black mates.} 54. Kd4 {[#]} e2 $1 55. Rd5+ Ke6 56. Re5+ Kf6 57. Re8 f3 {[%cal Bf4f3,Bf3f2][%mdl 32]} 58. Kc3 f2 59. Kd2 e1=Q+ {Precision: White = 49%, Black = 77%.} 0-1